000 00723cam a2200229 a 4500
001 17362119
005 20180123092153.0
008 120626s2012 caua b 001 0 eng
010 _a 2012021035
020 _a9781452203980 (pbk. : alk. paper)
040 _aDLC
_cDLC
_dDLC
041 _aeng
080 _a370.11 you
082 0 0 _a370.11 you
_223
100 1 _a48
101 _aedu
245 1 0 _aWorld class learners :
_cYong Zhao.
504 _aIncludes bibliographical references and index.
906 _a7
_bcbc
_corignew
_d1
_eecip
_f20
_gy-gencatlg
942 _2ddc
_cBK
999 _c40802
_d40802